80 - Né(es) un 21 mars - Statistiques

Statistiques générales
  • Ce quiz a été pris 8 fois
  • Le résultat moyen est 6 sur 15
Statistiques - réponses
Hint Année de naissance Réponse % Correct
Joueur de football international français. Champion du monde en 2018. Passé par l'Atletico de Madrid et le FC Barcelone pour revenir à l'Atletico de Madrid. 1991 Antoine Griezmann
83%
Actrice française, soeur de Catherine Deneuve. Vue dans "L'Homme de Rio" (1964), "La Peau douce" (1964), "Cul-de-sac" (1966), "Les Demoiselles de Rochefort" (1967). 1942 Françoise Dorléac
83%
Acteur britannique. Interprète de James Bond dans "Tuer n'est pas jouer" et "Permis de tuer". 1946 Timothy Dalton
83%
Homme politique français. Élu président du conseil régional des Hauts-de-France le 4 janvier 2016. 1965 Xavier Bertrand
83%
Pilote de Formule 1 brésilien. Trois fois champion du monde des pilotes (1988, 1990, 1991). 1960 Ayrton Senna
67%
Acteur naturalisé américain. Vu dans "Dracula", "Léon", "Le Cinquième Élément", "The Dark Knight", "True Romance", "Les Heures sombres", "Harry Potter". 1958 Gary Oldman
50%
Réalisateur français. Connu pour "Ma nuit chez Maud" (1969), "Le Genou de Claire" (1970), "L'Amour l'après-midi" (1972), "Pauline à la plage" (1983), "Les Nuits de la pleine lune" (1984). 1920 Éric Rohmer|Maurice Schérer
33%
Compositeur allemand. Connu pour "Toccata et fugue en ré mineur" (entre 1703 et 1707), "Air" (vers 1720), "Concertos brandebourgeois" (1721), "Le Clavier bien tempéré" (1722 et 1744), "Passion selon saint Jean" (1723), "Passion selon saint Matthieu" (1729), "Messe en si mineur" (1733 à 1749), "Variations Goldberg" (1742), "L'Art de la fugue" (1742 à 1750), "L'Offrande musicale" (1747). 1685 Jean-Sébastien Bach
33%
Acteur américain. Marié depuis 1997 à Sarah Jessica Parker. Vu dans "War Games" et "La Folle Journée de Ferris Bueller". 1962 Matthew Broderick
33%
Joueur de football allemand. International. Milieu de terrain/Libéro. Passé par le Bayern de Munich et l'Inter de Milan. Ballon d'or 1990. 1961 Lothar Matthäus
17%
Actrice française. Vue dans "Ma nuit chez Maud", "Cousin", Cousine". Mariée à Roger Vadim, de 1990 à 2000. 1944 Marie-Christine Barrault
17%
Compositeur russe. Connu pour "Boris Godounov", "Une nuit sur le mont Chauve", "Tableaux d'une exposition", "Chants et danses de la mort", "La Khovanchtchina", "La Foire de Sorotchintsy". 1839 Modeste Moussorgski
17%
Maire de Marseille du 17 mai 1986 au 25 juin 1995. 1923 Robert Vigouroux
17%
Directeur général de Schneider Electric de 1980 à 1999. 1931 Didier Pineau-Valencienne
0%
Homme politique français. Élu sénateur le 1er octobre 2008 après avoir été député pendant plus de 13 ans. Préside le groupe Rassemblement des démocrates, progressistes et indépendants au Sénat depuis 2017. 1943 François Patriat
0%
Aucun quiz correspondant
Distribution des résultats
% des personnes avec chaque résultat
Percentile par nombre de réponses
Votre historique - résultats
Vous n’avez pas pris ce quiz